Monotheismus israels und Christlicher Trinitätsglaube
Shranjeno v:
| Glavni avtor: | |
|---|---|
| Format: | Knjiga |
| Jezik: | nemščina |
| Izdano: |
Friburgo de Brisgovia
Herder
2004
|
| Serija: | Quaestiones Disputatae, 210
|
| Teme: | |
| Oznake: |
Označite
Brez oznak, prvi označite!
|
MARC
| LEADER | 00000cam a2200000 a 4500 | ||
|---|---|---|---|
| 001 | UCE7811 | ||
| 003 | CL-VaPUC | ||
| 008 | 150710e20040000gw |||||||||||||||||ger|d | ||
| 020 | |a 3451022109 | ||
| 082 | 0 | 4 | |a 231.044 |b STR |2 21 |
| 100 | 0 | |a Striet, Magnus |e author |9 580533 | |
| 245 | 1 | 0 | |a Monotheismus israels und Christlicher Trinitätsglaube |
| 300 | |a 295 p | ||
| 942 | |c BK | ||
| 945 | |d 20150710 13:45:00 |a cmena | ||
| 260 | |a Friburgo de Brisgovia |b Herder |c 2004 | ||
| 650 | 7 | |a MONOTEISMO |2 CL-VaPUC |9 346921 | |
| 650 | 7 | |a SANTISIMA TRINIDAD |2 CL-VaPUC |9 479104 | |
| 650 | 7 | |a ISRAELITAS |2 CL-VaPUC |9 438903 | |
| 650 | 0 | |a Teología cristiana |9 308336 | |
| 583 | |a last modification |c 20150710 13:45:00 |k Rodrigo Vera | ||
| 490 | 0 | |a Quaestiones Disputatae, 210 | |
| 999 | |c 359830 |d 359828 | ||
| 952 | |0 0 |1 0 |3 erb |4 0 |6 231_044000000000000_STR_2004 |7 0 |8 A |9 469381 |a BIBTEO |b BIBTEO |e Casale Rolle, Carlos Ignacio, -2014 |i 5184045 |o 231.044 STR 2004 |p 5184045 |r 2025-01-17 |w 2019-11-23 |y BK |z Catalogado en:20150710 |k ICR | ||